000 00740nas a2200217 4500
001 BR2012009320
003 BR-BrBNA
005 20231205121557.0
007 ta
008 230509b bl.|||p| |||| 00| 00por d
040 _aBR-BrBNA
_bpor
_cBiblioteca Nacional de Agricultura
041 _a(Es)
100 1 _aScoles, R.
245 1 _aSabiduria y plantas medicinales: el ejemplo de la comunidad negra de Itacoã, Acará, Pará
650 _aPLANTA MEDICINAL
650 _aBIODIVERSIDADE
650 _aETNOBOTÂNICO
773 0 _tBoletim do Museu Paraense Emílio Goeldi. Ciências Naturais (Brazil)
_xISSN 1981-8114
_g(May-Aug 2006), v. 1(2) p. 79-102
_wBR2012009320
909 _a202311
_bLúcia
_c55
_dLúcia Elande
942 _2AGRIS
_n0
_cANA
999 _c224208
_d224208